Turnkey Surface Development of Petroleum Fields: (Record no. 332126)

000 -LEADER
fixed length control field nam a22 7a 4500
003 - CONTROL NUMBER IDENTIFIER
control field NUST
005 - DATE AND TIME OF LATEST TRANSACTION
control field 20171114103842.0
008 - FIXED-LENGTH DATA ELEMENTS--GENERAL INFORMATION
fixed length control field 171114b xxu||||| |||| 00| 0 eng d
040 ## - CATALOGING SOURCE
Transcribing agency 0
082 ## - DEWEY DECIMAL CLASSIFICATION NUMBER
Classification number 553.28 AHM
100 ## - MAIN ENTRY--PERSONAL NAME
Personal name Ahmed,Rashid
9 (RLIN) 342
245 ## - TITLE STATEMENT
Title Turnkey Surface Development of Petroleum Fields:
Remainder of title multidisciplinary project engineering and management art for economic efficient and environmentally compatible exploitation of Gas associated gas-oil gas-condensate and heavy oil reserves.
Statement of responsibility, etc. Rashid Ahmed
260 ## - PUBLICATION, DISTRIBUTION, ETC.
Place of publication, distribution, etc. Sialkot
Name of publisher, distributor, etc. TWREEC
Date of publication, distribution, etc. 1991
300 ## - PHYSICAL DESCRIPTION
Extent 410p
500 ## - GENERAL NOTE
General note H.B
942 ## - ADDED ENTRY ELEMENTS (KOHA)
Source of classification or shelving scheme
Koha item type Book
Call number prefix IESE
Holdings
Withdrawn status Lost status Source of classification or shelving scheme Damaged status Not for loan Collection code Permanent Location Current Location Shelving location Date acquired Total Checkouts Full call number Barcode Date last seen Price effective from Koha item type
            Institute of Environmental Science and Engineering (IESE) Institute of Environmental Science and Engineering (IESE) General Stacks 11/14/2017   553.28 AHM IESE-347 11/14/2017 11/14/2017 Book
© 2023 Central Library, National University of Sciences and Technology. All Rights Reserved.